Majlis Pelancaran Laporan Pasaran Harta 1998 15 Mac 1999 [

Bibliographic Details
Corporate Author: Jabatan Penilaian dan Perkhidmatan Harta
Format: Book
Published: Kuala Lumpur : Wisma Cyclecarri , 1999
Subjects:

MARC

LEADER 00000cam a2200000 7i4500
001 0000004870
005 20090107.0
040 |a INS 
090 0 0 |a VCD 910 
245 0 0 |a Majlis Pelancaran Laporan Pasaran Harta 1998   |c oleh Y.B.Dato' Wong See Wah :   |b 15 Mac 1999 [  |h cakera video] 
260 |a Kuala Lumpur :   |b Wisma Cyclecarri ,   |c 1999 
300 |a 1 cakera video (37 min.) :   |b by., wrn. ;   |c 4 3/4 in. 
500 |a Juga terdapat dalam format VHS 807 
650 0 0 |a Property market 
710 1 |a Jabatan Penilaian dan Perkhidmatan Harta 
999 |a VCD0000910   |b VIDEO CD   |c Media Collection   |e Default branch